000 00729nam a2200265Ia 4500
003 OSt
005 20220912151346.0
006 a|||||r|||| 00| 0
007 ta
008 220909b |||||||| |||| 00| 0 eng d
024 _a26394
037 _cTextual
040 _aCSL
_beng
_cCSL
041 _aeng
082 _aB281, M2
100 _aPatel Jagdish K
245 0 _aHandbook of the normal distribution
260 _aNew York
_b Marcel Dekker
_c1982
300 _aix, 337p.
_ccm.
490 _aStatistics textbooks and monographs; 40
500 _aIncludes bibliography
700 _a Read campbell
942 _hB281, M2
_cTEXL
_2CC
999 _c66952
_d66952